Normal view
MARC view
- Hafiz Muhammad Sarmad Khan
Entry Personal Name
001 - CONTROL NUMBER
- control field: 89216
003 - CONTROL NUMBER IDENTIFIER
- control field: NUST
005 - DATE AND TIME OF LATEST TRANSACTION
- control field: 20220218151658.0
008 - FIXED-LENGTH DATA ELEMENTS
- fixed length control field: 220218|| aca||aabn | a|a d
040 ## - CATALOGING SOURCE
- Original cataloging agency: NUST
- Transcribing agency: NUST
100 ## - HEADING--PERSONAL NAME
- Personal name: Hafiz Muhammad Sarmad Khan
670 ## - SOURCE DATA FOUND
- Source citation: Work cat.: (NUST): Hafiz Muhammad Sarmad Khan, TH-SOF-1967-Classification and Segmentation of COVID-19 from CT and X-ray Images using Deep Architectures, 2022.
